书目信息 |
| 题名: |
解读三国话诸葛
|
|
| 作者: | 贺准城 著 | |
| 分册: | ||
| 出版信息: | 苏州 苏州大学出版社 2004.02 |
|
| 页数: | 304页, [2] 页图版 | |
| 开本: | 21cm | |
| 丛书名: | ||
| 单 册: | ||
| 中图分类: | K827.36 | |
| 科图分类: | ||
| 主题词: | 军事家--人物研究--中国--三国时代 | |
| 电子资源: | ||
| ISBN: | 7-81090-212-1 | |
| 000 | 00827nam0 2200241 450 | |
| 001 | 0104090914 | |
| 005 | 20050922155435.48 | |
| 010 | @a7-81090-212-1@dCNY18.00 | |
| 100 | @a20040909d2004 km y0chiy0120 ea | |
| 101 | 0 | @achi |
| 102 | @aCN@b320000 | |
| 105 | @aaf a 000yy | |
| 200 | 1 | @a解读三国话诸葛@AJie Du San Guo Hua Zhu Ge@f贺准城著@Fhe zhun cheng zhu |
| 210 | @a苏州@c苏州大学出版社@d2004.02 | |
| 215 | @a304页, [2] 页图版@c彩图@d21cm | |
| 320 | @a有书目。 | |
| 330 | @a本书以故事的形式,以三国历史为背景,以历史的观点评论诸葛亮,并通过与其相关的历史事件,阐述其政见、业绩、再现人物的伟大人格。 | |
| 600 | 0 | @a诸葛亮,@f181-234@x人物研究 |
| 606 | 0 | @a军事家@x人物研究@y中国@z三国时代 |
| 690 | @aK827.36@v4 | |
| 701 | 0 | @a贺准城@Ahe zhun cheng@4著 |
| 801 | 0 | @aCN@bQSSK@c20050922 |
| 905 | @a10447@dK827.36@eH324 | |
| 解读三国话诸葛/贺准城著.-苏州:苏州大学出版社,2004.02 |
| 304页, [2] 页图版:彩图;21cm |
| ISBN 7-81090-212-1:CNY18.00 |
| 本书以故事的形式,以三国历史为背景,以历史的观点评论诸葛亮,并通过与其相关的历史事件,阐述其政见、业绩、再现人物的伟大人格。 |
| ● |
| 相关链接 |
|
|
|
正题名:解读三国话诸葛
索取号:K827.36/H324
 
预约/预借
| 序号 | 登录号 | 条形码 | 馆藏地/架位号 | 状态 | 备注 |
| 1 | 525140 | 205251403 | 社科库309/ [索取号:K827.36/H324] | 在馆 | |
| 2 | 525141 | 205251412 | 社科库309/309社科库 59排3列5层/ [索取号:K827.36/H324] | 在馆 | |
| 3 | 525142 | 205251421 | 社科库309/309社科库 59排3列5层/ [索取号:K827.36/H324] | 在馆 |